[Event "MTO Open"]
[Site "Biel SUI"]
[Date "2006.08.01"]
[Round "8"]
[White "Bauer,Ch"]
[Black "Rukavina,J"]
[Result "1-0"]
[WhiteElo "2599"]
[BlackElo "2404"]

1.e4 d6 2.d4 g6 3.Nc3 Bg7 4.Be3 c6 5.Qd2 Nd7 6.f4 b5 7.Nf3 Ngf6 8.a3 a6 9.e5 Nd5
10.Nxd5 cxd5 11.Bd3 Nb6 12.b3 Bf5 13.Bxf5 gxf5 14.h3 h5 15.O-O e6 16.Ra2 Bf8
17.Qe1 Be7 18.Bd2 Qb8 19.Bb4 Kd7 20.exd6 Bxd6 21.Ne5+ Bxe5 22.fxe5 Qd8 23.Bc5 Rg8
24.Qe2 h4 25.Qh5 Rg6 26.Rf4 Kc6 27.Qxh4 Qg8 28.c3 Qg7 29.Qe7 Nc8 30.Qe8+ Kc7
31.Bd6+  1-0

[Event "15th Open A"]
[Site "Vienna AUT"]
[Date "2006.08.01"]
[Round "4"]
[White "Sepetavc,W"]
[Black "Stuhlik,M"]
[Result "1/2-1/2"]
[WhiteElo "2056"]
[BlackElo "2229"]

1.e4 d6 2.d4 g6 3.Nc3 Bg7 4.Be3 c6 5.Be2 Nd7 6.Qd2 b5 7.a3 a6 8.Nf3 Qc7 9.O-O e5
10.Rad1 Ngf6 11.Bh6 O-O 12.Bxg7 Kxg7 13.Nh4 h6 14.f4 c5 15.fxe5 dxe5 16.d5 b4
17.axb4 cxb4 18.Nb1 Qc5+ 19.Kh1 Nxe4 20.Qe1 f5 21.c4 bxc3 22.Nxc3 Ndf6 23.Nxe4 fxe4
24.Qg3 g5 25.d6 Ra7 26.Nf5+ Bxf5 27.Rxf5 Raf7 28.h3 Qc2 29.Re1 e3 30.Rxe5 Qxb2
31.Qxe3 Qb4 32.Bxa6 Qxd6 33.Re6 Qb4  1/2-1/2

[Event "MTO Open"]
[Site "Biel SUI"]
[Date "2006.08.02"]
[Round "9"]
[White "Wohl,A"]
[Black "Arizmendi Martinez,J"]
[Result "0-1"]
[WhiteElo "2428"]
[BlackElo "2542"]

1.e4 g6 2.d4 Bg7 3.Nc3 d6 4.Bg5 a6 5.f4 b5 6.a4 b4 7.Nd5 Nf6 8.Nxf6+ exf6
9.Bh4 O-O 10.Nf3 Re8 11.Bd3 Bb7 12.e5 dxe5 13.dxe5 Qd5 14.O-O fxe5 15.fxe5 Nc6
16.Nd2 Nxe5 17.Be4 Qe6 18.Bxb7 Qb6+ 19.Kh1 Qxb7 20.Qe2 Qc6 21.Qe4 Qxe4 22.Nxe4 Ng4
23.Nf6+ Nxf6 24.Bxf6 Re2 25.Bxg7 Kxg7 26.Rf4 Rxc2 27.Raf1 f5 28.Rxb4 Rd8
29.Rb7 Rdd2 30.b4 Kh6  0-1

[Event "FSGM August"]
[Site "Budapest HUN"]
[Date "2006.08.05"]
[Round "12"]
[White "Kosic,D"]
[Black "Leon Hoyos,M"]
[Result "1/2-1/2"]
[WhiteElo "2506"]
[BlackElo "2436"]

1.d4 g6 2.e4 Bg7 3.Nc3 d6 4.Nge2 Nf6 5.g3 O-O 6.Bg2 Nbd7 7.O-O c5 8.dxc5 Nxc5
9.h3 Rb8 10.Be3 b6 11.Nf4 e6 12.Re1 Bb7 13.Bd2 e5 14.Nfd5  1/2-1/2

[Event "ch-Euro Senior"]
[Site "Davos SUI"]
[Date "2006.08.05"]
[Round "1"]
[White "Bakhmatov,E"]
[Black "Kuznetsova,L"]
[Result "1-0"]
[WhiteElo "2341"]
[BlackElo "2043"]

1.e4 g6 2.d4 Bg7 3.Nc3 d6 4.Be3 Nf6 5.f3 c6 6.Qd2 Qc7 7.Bh6 Bxh6 8.Qxh6 Qb6
9.O-O-O Be6 10.Nge2 Bc4 11.e5 dxe5 12.dxe5 Nd5 13.Nxd5 cxd5 14.Nc3 Qe6 15.Bxc4 dxc4
16.Qg7 Rf8 17.Rd8+ Kxd8 18.Qxf8+ Kc7 19.Rd1 b6 20.Nd5+ Kb7 21.f4 Nc6 22.Qxa8+  1-0

[Event "17th Jozef Kochan Mem"]
[Site "Koszalin POL"]
[Date "2006.08.05"]
[Round "2"]
[White "Krysztofiak,M"]
[Black "Zowada,K"]
[Result "1-0"]
[WhiteElo "2388"]
[BlackElo "2152"]

1.d4 g6 2.e4 Bg7 3.Nc3 d6 4.f4 Nf6 5.Nf3 O-O 6.Bd3 c5 7.dxc5 dxc5 8.e5 Nd5
9.Nxd5 Qxd5 10.Qe2 Bf5 11.Bxf5 gxf5 12.c4 Qc6 13.O-O Na6 14.a3 e6 15.Be3 Rfd8
16.Bf2 h6 17.Bh4 Rd7 18.Rad1 Nb8 19.Rde1 Qc8 20.Qf2 b6 21.Re3 Nc6 22.Bf6 Ne7
23.Nh4 Ng6 24.g4 Rd4 25.gxf5 exf5 26.Qg2 Rb8 27.Nxg6 fxg6 28.Qxg6 Qf8 29.Rg3 Rb7
30.Qxf5 Rf7 31.Qg6 Rd6 32.Bxg7 Rxg6 33.Bxf8 Rxg3+ 34.hxg3 Kxf8 35.Rd1  1-0

[Event "17th Jozef Kochan Mem"]
[Site "Koszalin POL"]
[Date "2006.08.06"]
[Round "3"]
[White "Dukaczewski,P"]
[Black "Warakomski,T"]
[Result "0-1"]
[WhiteElo "2344"]
[BlackElo "2420"]

1.e4 g6 2.d4 Bg7 3.Nc3 d6 4.f4 a6 5.Nf3 b5 6.Bd3 Bb7 7.O-O Nd7 8.e5 e6 9.Qe1 Ne7
10.Ng5 O-O 11.g4 c5 12.Nce4 dxe5 13.fxe5 c4 14.Be2 h6 15.Bf3 Qb6 16.Be3 Nd5
17.Bf2 hxg5 18.Nxg5 f6 19.exf6 Rxf6 20.c3 Raf8 21.Be3 Bh6 22.Qh4 Bxg5 23.Bxg5 Rxf3
24.Rxf3 Rxf3 25.Bd8 Qc6 26.Qg5 Nf4  0-1

[Event "15th Open A"]
[Site "Vienna AUT"]
[Date "2006.08.06"]
[Round "9"]
[White "Weinzettl,E"]
[Black "Shengelia,D"]
[Result "0-1"]
[WhiteElo "2327"]
[BlackElo "2490"]

1.e4 g6 2.d4 Bg7 3.Nc3 d6 4.Nf3 Nd7 5.Bc4 Nb6 6.Be2 Nf6 7.O-O O-O 8.h3 c6
9.Re1 Qc7 10.Bf4 Nh5 11.Be3 e5 12.Qd2 Bd7 13.Rad1 Rad8 14.Bg5 f6 15.Be3 g5
16.Nxg5 fxg5 17.Bxh5 Nc4 18.Qe2 Nxb2 19.dxe5 Bxe5 20.Rd4 Be6 21.Bg4 Bxg4
22.Qxg4 Qa5 23.Bxg5 Kh8 24.Bxd8 Qxc3  0-1

[Event "15th Open A"]
[Site "Vienna AUT"]
[Date "2006.08.06"]
[Round "9"]
[White "Groetz,H"]
[Black "Sulyok,M"]
[Result "1-0"]
[WhiteElo "2359"]
[BlackElo "2217"]

1.e4 g6 2.d4 Bg7 3.Nc3 d6 4.Nf3 a6 5.a4 b6 6.Bc4 e6 7.O-O Ne7 8.Re1 Nd7 9.e5 d5
10.Bf1 c5 11.Ne2 cxd4 12.Nexd4 Qc7 13.Bf4 h6 14.h4 Bb7 15.Ra3 Rc8 16.a5 bxa5
17.Qa1 Nc6 18.Nxc6 Qxc6 19.Rc3 Qb6 20.Rxc8+ Bxc8 21.Bd2 a4 22.Qxa4 Qxb2 23.Bb4 Bf8
24.Qc6 Qxb4 25.Qxc8+ Ke7 26.Qxa6 Bg7 27.c4 dxc4 28.Nd4 Nb8 29.Qa7+ Kf8 30.Re3 Kg8
31.Rf3 Qf8 32.Bxc4 Bxe5 33.Nxe6 Nc6 34.Nxf8 Nxa7 35.Rxf7 Nc6 36.Nxg6  1-0

[Event "15th Open A"]
[Site "Vienna AUT"]
[Date "2006.08.06"]
[Round "9"]
[White "Ponjican,E"]
[Black "Webersberger,J"]
[Result "1/2-1/2"]
[WhiteElo "2118"]
[BlackElo "2264"]

1.e4 g6 2.d4 d6 3.Nc3 Bg7 4.h3 a6 5.a4 b6 6.Nf3 Bb7 7.Bc4 e6 8.O-O Ne7 9.Bg5 h6
10.Bh4 O-O 11.Qe2 Nd7 12.Rad1 Qe8 13.Bg3 Kh7 14.Rfe1 Nc6 15.e5 d5 16.Ba2 Ne7
17.Nb1 c5 18.c3 b5 19.axb5 axb5 20.Bb3 b4 21.Nbd2 Nf5 22.Bf4 bxc3 23.bxc3 Ba6
24.c4 cxd4 25.g4 Ne7 26.Nxd4 Nb6 27.Rc1 dxc4 28.Nxc4 Ned5 29.Qd2 Nxc4 30.Bxc4 Bxc4
31.Rxc4 Ra3 32.Bg3 Qa8 33.Nb5 Ra2 34.Rc2 Rxc2 35.Qxc2 Rc8 36.Qe4 Qa2 37.Nd6 Rc7
38.Qf3 Kg8 39.Rd1 Nc3 40.Re1 Nd5  1/2-1/2

[Event "HZ Open"]
[Site "Vlissingen NED"]
[Date "2006.08.06"]
[Round "2"]
[White "Beuman,T"]
[Black "Gurevich,M"]
[Result "0-1"]
[WhiteElo "2175"]
[BlackElo "2643"]

1.e4 d6 2.d4 g6 3.Nc3 Bg7 4.Be3 a6 5.Qd2 Nd7 6.h4 h6 7.a4 b6 8.Bc4 e6 9.Nge2 Bb7
10.Nf4 Qe7 11.f3 c6 12.d5 cxd5 13.exd5 e5 14.Nfe2 f5 15.O-O-O Ngf6 16.Rhg1 b5
17.axb5 axb5 18.Bxb5 Ra1+ 19.Nb1 Nxd5 20.h5 g5 21.c3 O-O 22.Bc4 Nf6 23.Kc2 Rc8
24.Na3 Rxa3 25.Bxd5+ Nxd5 26.bxa3 Qd7 27.Rb1 Qa4+ 28.Rb3 Nxe3+ 29.Qxe3 Bd5
30.Qb6 Kh8 31.Rd1 Bxb3+ 32.Qxb3 Qa6 33.Ng3 e4 34.Nxf5 Rxc3+  0-1

[Event "Open"]
[Site "Olomouc CZE"]
[Date "2006.08.07"]
[Round "6"]
[White "Zeberski,J"]
[Black "Butkiewicz,L"]
[Result "1-0"]
[WhiteElo "2410"]
[BlackElo "2260"]

1.e4 d6 2.d4 g6 3.Nc3 Bg7 4.f4 Nf6 5.Nf3 O-O 6.Bd3 Na6 7.O-O c5 8.d5 Rb8
9.a4 Nb4 10.Bc4 Bg4 11.h3 Bxf3 12.Rxf3 Nd7 13.Nb5 Ra8 14.c3 Na6 15.Bd2 Nc7
16.Qe1 a6 17.Na3 Rb8 18.a5 b5 19.axb6 Nxb6 20.Qe2 Nxc4 21.Nxc4 Qd7 22.f5 Rbe8
23.Raf1 gxf5 24.Rg3 Kh8 25.Rxf5 e6 26.Rfg5 Bh6 27.Rh5 Bxd2 28.Rxh7+ Kxh7
29.Nxd2  1-0

[Event "107th Annual US Open"]
[Site "Chicago USA"]
[Date "2006.08.08"]
[Round "4"]
[White "Gunsen,B"]
[Black "Felecan,F"]
[Result "1-0"]
[WhiteElo "2204"]
[BlackElo "2376"]

1.e4 d6 2.d4 g6 3.Nc3 Bg7 4.f4 a6 5.Nf3 b5 6.Bd3 c5 7.dxc5 dxc5 8.e5 Bb7
9.Qe2 Nc6 10.O-O Nh6 11.a4 c4 12.Be4 Nf5 13.Bxf5 gxf5 14.Rd1 Qa5 15.Be3 b4
16.Nd5 Nd4 17.Nxd4 Bxd5 18.Nxf5 Bf8 19.Qf2 Rb8 20.Ba7 Rb7 21.Bc5 e6 22.Bxf8 Kxf8
23.Ne3 Rg8 24.Nxd5 exd5 25.Rd4 b3 26.c3 Re7 27.Rad1 Qxa4 28.Rxd5 Kg7 29.Qh4 Re6
30.f5 Rc6 31.Qg5+ Kh8 32.Rd8 Rc7  1-0

[Event "ch-Euro Senior"]
[Site "Davos SUI"]
[Date "2006.08.08"]
[Round "4"]
[White "Seuss,O"]
[Black "Bakhmatov,E"]
[Result "1/2-1/2"]
[WhiteElo "2154"]
[BlackElo "2341"]

1.e4 g6 2.d4 Bg7 3.Nc3 d6 4.f4 Nf6 5.Nf3 O-O 6.Bd3 Na6 7.O-O c5 8.d5 Rb8
9.Qe2 Nc7 10.a4 Bg4 11.h3 Bxf3 12.Qxf3 Nd7 13.Bd2 b6 14.Rae1 a6 15.Nd1 b5
16.axb5 axb5 17.Bc3 Bxc3 18.Nxc3 c4 19.Be2 Na6 20.Qe3 Nb4 21.Bd1 Qb6 22.Qxb6 Rxb6
23.e5 dxe5 24.fxe5 Nc5 25.Rf2 e6 26.Bf3 exd5 27.Nxd5 Nxd5 28.Bxd5 Kg7 29.Ref1 f6
30.exf6+ Rbxf6 31.Rxf6 Rxf6 32.Rxf6 Kxf6 33.Bc6 b4 34.Bb5 c3 35.bxc3 bxc3
36.Kf2 Ke5 37.Ke3 g5 38.Be2 Kd5 39.Bh5 Ke5 40.Bf3 h6 41.Ba8 h5 42.Bf3 h4
43.Ba8 Ne6 44.Be4  1/2-1/2

[Event "Open"]
[Site "Genova ITA"]
[Date "2006.08.09"]
[Round "3"]
[White "Guido,F"]
[Black "Dzhumaev,M"]
[Result "0-1"]
[WhiteElo "2323"]
[BlackElo "2509"]

1.e4 g6 2.d4 Bg7 3.Nc3 d6 4.Be3 Nd7 5.Nf3 c6 6.a4 Ngf6 7.h3 O-O 8.Be2 e5
9.dxe5 dxe5 10.Nd2 Ne8 11.Nc4 Nc7 12.Nd6 Ne6 13.Bc4 Nd4 14.Nxc8 Rxc8 15.Ne2 Nb6
16.Bd3 c5 17.c3 Nb3 18.Ra3 c4 19.Bxc4 Qxd1+ 20.Kxd1 Rfd8+ 21.Ke1 Nxc4 22.Rxb3 Rd7
23.Ng3 Rcd8 24.Ke2 Bf6 25.Bc1 a6 26.Rb4 Na5 27.Be3 Be7 28.Rb6 Nc4 29.Rb3 Nxe3
30.fxe3 Bc5 31.Re1 Rd2+ 32.Kf3 b6 33.Nf1 Rc2 34.Re2 Rc1 35.Nd2 f5 36.exf5 gxf5
37.Nc4 e4+ 38.Kg3 Kf7 39.Rf2 Ke6 40.Re2 Rg8+ 41.Kh4 Rh1 42.Kh5 Rxg2  0-1

[Event "17th Jozef Kochan Mem"]
[Site "Koszalin POL"]
[Date "2006.08.09"]
[Round "6"]
[White "Suder,R"]
[Black "Zowada,K"]
[Result "0-1"]
[WhiteElo "2242"]
[BlackElo "2152"]

1.e4 g6 2.d4 Bg7 3.Nc3 d6 4.g3 c6 5.Bg2 Qb6 6.Nge2 e5 7.dxe5 dxe5 8.O-O Na6
9.b3 Be6 10.Be3 Qc7 11.Qc1 Nf6 12.h3 Nd7 13.Bh6 O-O 14.g4 Nb4 15.Bxg7 Kxg7
16.a3 Na6 17.Ng3 f6 18.Qe3 Qb6 19.Rfe1 Bf7 20.Bf1 Nac5 21.Red1 Rfd8 22.a4 Ne6
23.Qxb6 axb6 24.Rab1 Ndc5 25.Rxd8 Nxd8 26.Nd1 Nde6 27.Ne3 Nd4 28.Kg2 b5 29.axb5 cxb5
30.b4 Na4 31.Ra1 Ra6 32.c4 bxc4 33.Bxc4 Bxc4 34.Nxc4 b5 35.Ne3 Rc6 36.Ngf1 Kf7
37.Nd5 Ke6 38.Nfe3 Ne2 39.Kf3 Nd4+ 40.Kg2 Kf7 41.h4 Ne6 42.Kf3 h5 43.gxh5 gxh5
44.Rg1 Nd4+ 45.Kg2 Nc3 46.Ra1 Nxe4 47.Ra7+ Ke8 48.Rh7 f5 49.Re7+ Kd8 50.Rxe5 Rg6+
51.Kf1 Nd2+  0-1

[Event "107th Annual US Open"]
[Site "Chicago USA"]
[Date "2006.08.10"]
[Round "6"]
[White "Aigner,M USA"]
[Black "Selzler,R"]
[Result "1-0"]
[WhiteElo "2266"]
[BlackElo "2049"]

1.e4 g6 2.d4 Bg7 3.Nc3 d6 4.f4 a6 5.Nf3 b5 6.Bd3 Nd7 7.e5 c5 8.exd6 exd6
9.O-O Ne7 10.Ne4 Nb6 11.dxc5 dxc5 12.Nd6+ Kf8 13.Nxc8 Rxc8 14.c3 Rc7 15.Qe2 Rd7
16.Ne5 Rd6 17.Be3 Bxe5 18.fxe5 Rxd3 19.Bxc5 Nc8 20.e6 Qd5 21.Rxf7+ Ke8 22.Bd4 Rxd4
23.cxd4 Qxd4+ 24.Kh1 Rf8 25.Rd1 Qc4 26.Rxf8+ Kxf8 27.Qe5 Nf5 28.Qf6+  1-0

[Event "107th Annual US Open"]
[Site "Chicago USA"]
[Date "2006.08.11"]
[Round "7"]
[White "Milisits,R"]
[Black "Sarkar,J"]
[Result "0-1"]
[WhiteElo "2181"]
[BlackElo "2375"]

1.e4 g6 2.d4 Bg7 3.Nc3 d6 4.Be3 a6 5.Qd2 Nd7 6.a4 b6 7.Bc4 Bb7 8.Nge2 e6
9.O-O h6 10.f4 Ne7 11.f5 exf5 12.exf5 g5 13.Ng3 Nf6 14.Rae1 Qd7 15.Qe2 Kf8
16.Nh5 Nxh5 17.Qxh5 Ng8 18.Qh3 Nf6 19.Bb3 b5 20.d5 b4 21.Nd1 Bxd5 22.Bxd5 Nxd5
23.f6 Nxf6 24.Qf3 c6 25.Bd4 Ne8 26.Qd3 Bxd4+ 27.Qxd4 Qa7 28.Qxa7 Rxa7 29.Ne3 Rd7
30.Rf5 d5 31.Ng4 Nd6 32.Rf6 Kg7 33.Ref1 Re8 34.Nxh6 Re6 35.Ng4 Rde7 36.b3 a5
37.g3 Ne4 38.R6f5 f6 39.Kg2 Kg6 40.h4 gxh4 41.gxh4 Rh7 42.Kh3 Ng5+ 43.Kg3 Ne4+
44.Kh3 Rh5 45.Rxh5 Kxh5 46.Rf5+ Kg6 47.Rf1 f5 48.Nf2 Nxf2+ 49.Rxf2 Re3+ 50.Kg2 Rc3
51.h5+ Kg5 52.h6 Kxh6 53.Rxf5 Rxc2+ 54.Kf3 Kg6 55.Re5 Kf6 56.Re8 Rc3+  0-1

[Event "17th Jozef Kochan Mem"]
[Site "Koszalin POL"]
[Date "2006.08.11"]
[Round "8"]
[White "Zuk,A"]
[Black "Panocki,A"]
[Result "0-1"]
[WhiteElo "2072"]
[BlackElo "2246"]

1.e4 g6 2.d4 Bg7 3.Nc3 d6 4.Be3 c6 5.Qd2 b5 6.Bd3 Nd7 7.Nge2 Bb7 8.O-O Qc7
9.Nd1 e5 10.c3 Ngf6 11.Bh6 O-O 12.Bxg7 Kxg7 13.Ng3 Qb6 14.dxe5 dxe5 15.Qg5 Kh8
16.Ne3 Qd8 17.Rad1 Ng8 18.Qg4 Qe7 19.Bc2 Rad8 20.Ngf5 Qc5 21.Nd6 Qb6 22.Bb3 Ndf6
23.Qg3 Rxd6 24.Rxd6 Qc5 25.Rd3 Nxe4 26.Qh4 Nef6 27.Rfd1 Bc8 28.Rd8 Qe7 29.Rxf8 Qxf8
30.Qb4 Qxb4 31.cxb4 Kg7 32.Rd8 Ne7 33.f3 h5 34.Nd1 Bf5 35.Kf2 Nfd5 36.Ne3 Nxb4
37.Nxf5+ Nxf5 38.Rd7 a5 39.Rxf7+ Kh6 40.Rd7 Kg5 41.g3 h4 42.gxh4+ Kxh4 43.Bf7 Kg5
44.a3 Nc2 45.Rc7 Ncd4 46.Be8 Nd6 47.Bxc6 Nc4 48.Bxb5 Nxb2 49.Ba6 Nd1+ 50.Ke1 Ne3
51.Kf2 Nd1+ 52.Ke1 Ne3 53.Kd2 Nd5 54.Be2 Nxc7  0-1

[Event "ch-Euro Senior"]
[Site "Davos SUI"]
[Date "2006.08.12"]
[Round "8"]
[White "Schumacher,He"]
[Black "Bakhmatov,E"]
[Result "0-1"]
[WhiteElo "2067"]
[BlackElo "2341"]

1.d4 g6 2.e4 Bg7 3.Nc3 d6 4.Nge2 Nc6 5.Be3 Nf6 6.h3 O-O 7.g3 e5 8.Bg2 exd4
9.Nxd4 Bd7 10.O-O Re8 11.Re1 a6 12.a4 Rb8 13.a5 Qc8 14.Kh2 Re5 15.Nd5 Nxd5
16.exd5 Nxd4 17.Qxd4 Rh5 18.Qd1 Bg4 19.Bf3 Bxf3 20.Qxf3 Qxh3+ 21.Kg1 Bxb2
22.Ra2 Bc3 23.Rd1 Re8 24.Rd3 Bb4 25.Qg2 Qg4 26.Ra1 Qe2 27.Rb3 Bxa5 28.g4 Rh4
29.f3 Rxe3 30.Rxa5 Qe1+  0-1

[Event "Acropolis Open"]
[Site "Athens GRE"]
[Date "2006.08.13"]
[Round "1"]
[White "Haznedaroglu,K"]
[Black "Fragiadakis,K"]
[Result "1-0"]
[WhiteElo "2454"]
[BlackElo "2223"]

1.e4 d6 2.d4 g6 3.Nc3 Bg7 4.Be3 c6 5.Qd2 Nd7 6.f4 Qa5 7.Nf3 d5 8.e5 e6 9.Bd3 b6
10.O-O Ne7 11.a3 b5 12.Nxb5 Qxd2 13.Nd6+ Kf8 14.Bxd2 h6 15.g4 h5 16.h3 hxg4
17.hxg4 Rb8 18.Rab1 c5 19.c3 Bh6 20.Kg2 Kg8 21.b4 c4 22.Bc2 Nb6 23.Ng5 Bxg5
24.fxg5 Rh7 25.Ne8 Rh8 26.Rh1 Bd7 27.Rxh8+ Kxh8 28.Rh1+  1-0

[Event "Independence Cup A"]
[Site "Kyiv UKR"]
[Date "2006.08.13"]
[Round "1"]
[White "Mazurchak,B"]
[Black "Moliboga,V"]
[Result "0-1"]
[WhiteElo "2075"]
[BlackElo "2284"]

1.e4 g6 2.d4 Bg7 3.Nc3 d6 4.f4 c6 5.Nf3 d5 6.e5 h5 7.Bd3 Nh6 8.O-O Bf5 9.Ne2 Nd7
10.c4 Bxd3 11.Qxd3 dxc4 12.Qxc4 Nb6 13.Qc2 e6 14.Be3 Nf5 15.Bf2 Nd5 16.Rfc1 Bf8
17.g3 Be7 18.Nc3 h4 19.Ne4 hxg3 20.hxg3 Qb6 21.Qe2 O-O-O 22.Kg2 a6 23.Rc4 Nh4+
24.Nxh4 Rxh4 25.Qd2 Rh7 26.Rh1 Rxh1 27.Kxh1 Qb5 28.b3 Nb6 29.Rc1 Qd5 30.Qe2 Kb8
31.Kg2 Nd7 32.Qf3 Rh8 33.Rd1 a5 34.Nd2 Qb5 35.a4 Qa6 36.Nc4 Bb4 37.Be1 Nb6
38.Bxb4 Nxc4 39.Bc5 Nb6 40.Qf1 Qxf1+ 41.Rxf1 Nd5 42.Rh1 Rxh1 43.Kxh1 b6 44.Bd6+ Kb7
45.Kg2 b5 46.axb5 cxb5 47.Kf2 Kc6 48.Ke2 f5 49.Kd3 b4 50.Kd2 Nc3 51.Kd3 Kb5
52.Kc2 a4 53.bxa4+ Kxa4 54.Kb2 Nd5 55.Bf8 Ne3 56.Bc5 Nc4+ 57.Kc2 b3+ 58.Kc3 b2
59.Kc2 Kb5 60.Bf8 Kc6 61.Bc5 Kd5 62.Ba7 Na3+ 63.Kxb2 Nb5 64.Bb6 Nxd4 65.Kc3 Ne2+
66.Kd3 Nxg3 67.Bd8 Ne4 68.Bf6 Nc5+ 69.Ke3 Kc4 70.Be7 Na4 71.Bd8 Nc3 72.Bg5 Nd5+
73.Kf3 Kd3 74.Bh6 Nc3 75.Bf8 Ne2 76.Bc5 Nd4+ 77.Kg3 Nb3 78.Bf8 Ke4 79.Bh6 Nd4
80.Kf2 Nb5 81.Kg3 Nd4 82.Kf2 Nf3 83.Ke2 Nd4+ 84.Kf2 Nc6 85.Ke2 Nd8 86.Kf2 Nf7  0-1

[Event "Open"]
[Site "Stare Mesto CZE"]
[Date "2006.08.13"]
[Round "3"]
[White "Ponizil,C"]
[Black "Vokac,M"]
[Result "0-1"]
[WhiteElo "2199"]
[BlackElo "2498"]

1.e4 g6 2.d4 Bg7 3.Nc3 d6 4.Be3 a6 5.Qd2 Nd7 6.Nge2 e6 7.h4 h6 8.h5 g5 9.d5 Ne5
10.Nd4 Ng4 11.dxe6 fxe6 12.g3 Qf6 13.Nde2 Qf3 14.Rg1 Nxe3 15.fxe3 Qxh5 16.O-O-O Ne7
17.Nd4 O-O 18.Bc4 Qg6 19.Nf5 Nxf5 20.exf5 Rxf5 21.Bd3 Qf7 22.Bxf5 Qxf5 23.Rgf1 Qg6
24.Rf3 Bd7 25.Rdf1 Bc6 26.e4 Rf8 27.Rxf8+ Bxf8 28.e5 d5 29.Ne2 Qe8 30.Nd4 Bd7
31.Nf3 Bb5 32.Rh1 Qf7 33.Nh2 Qf5 34.a4 Qe4 35.Qd1 Be2 36.Qe1 Bb4 37.Qg1 d4
38.Nf1 Bf3  0-1

[Event "Open"]
[Site "Stare Mesto CZE"]
[Date "2006.08.13"]
[Round "4"]
[White "Hudacek,J"]
[Black "Lys,J"]
[Result "1/2-1/2"]
[WhiteElo "2059"]
[BlackElo "2230"]

1.e4 g6 2.d4 Bg7 3.Nc3 d6 4.Be3 Nf6 5.Qd2 c6 6.f3 b5 7.a3 Nbd7 8.Bd3 Nb6
9.b3 O-O 10.Nge2 e5 11.dxe5 dxe5 12.g4 Qc7 13.Ng3 a6 14.h4 Rd8 15.Qf2 Nfd7
16.h5 c5 17.hxg6 fxg6 18.Rd1 Bb7 19.Nd5 Bxd5 20.exd5 Nxd5 21.Bxg6 hxg6 22.Rxd5 Qa5+
23.Qd2 Qxd2+ 24.Bxd2 Kf7 25.Ne4 Nf6 26.Ng5+ Kg8 27.Rxc5 Rdc8 28.Rxc8+ Rxc8
29.Kd1 Bf8 30.b4 Nd5 31.Re1 Nc3+ 32.Kc1 Bg7 33.Ne6 e4 34.Nxg7 Kxg7 35.Re3 Nd5
36.Rxe4 Kf6 37.f4 Nb6 38.Rd4 Nc4 39.Rd3 Re8 40.Rd7 Re2 41.Bc3+ Ke6 42.Rg7 Nxa3
43.Rxg6+ Kd7 44.Be5 Nxc2 45.Rxa6 Nxb4 46.Rb6 Rg2 47.Rd6+ Ke7 48.g5 Na2+ 49.Kd1 b4
50.Rd2 Rg1+ 51.Kc2 Rg3 52.Kb2 b3 53.g6 Rxg6 54.Kxb3 Nc1+  1/2-1/2

[Event "Open"]
[Site "Genova ITA"]
[Date "2006.08.14"]
[Round "9"]
[White "Martinez,Ro"]
[Black "Dzhumaev,M"]
[Result "1-0"]
[WhiteElo "2399"]
[BlackElo "2509"]

1.e4 g6 2.d4 Bg7 3.Nc3 d6 4.Be3 Nd7 5.Qd2 a6 6.h4 Ngf6 7.Bh6 Bxh6 8.Qxh6 c5
9.Nge2 Qa5 10.f3 b5 11.Qd2 Bb7 12.g4 O-O-O 13.g5 Nh5 14.Bh3 Kb8 15.Bxd7 Rxd7
16.dxc5 b4 17.Nd1 Qxc5 18.a3 d5 19.axb4 Qc7 20.Qc3 Rc8 21.Qxc7+ Rcxc7 22.c3 dxe4
23.fxe4 Rc4 24.Nf2 f5 25.Rh3 fxe4 26.Ra5 Rc8 27.Re5 Rcd8 28.Nxe4 Rd1+ 29.Kf2 Rf8+
30.Rf3 Rxf3+ 31.Kxf3 Ng7 32.Ng3 Nf5 33.Nxf5 gxf5 34.Ke2 Rh1 35.Nc5 Rh2+ 36.Kd3 Bc8
37.Rxe7 Rxh4 38.c4 f4 39.Rf7 Rg4 40.Ne4 Bb7 41.Nc5 Bc8 42.b3 Rxg5 43.Rxf4 Rg6
44.Rf8 h6 45.Kc3 Kc7 46.Kb2 h5 47.Rh8 Bg4 48.Rh7+ Kd6 49.Nxa6 Ke5 50.b5 Kf4
51.c5 Kg5 52.Nb4 h4 53.b6 Bf3 54.b7 Bxb7 55.Rxb7 h3 56.Rh7 Kg4 57.c6 Rg5
58.Nd3 Kg3 59.b4 h2 60.c7  1-0

[Event "Open"]
[Site "Predeal ROM"]
[Date "2006.08.14"]
[Round "3"]
[White "Dragomirescu,R"]
[Black "Petrescu,G"]
[Result "1-0"]
[WhiteElo "2090"]
[BlackElo "2297"]

1.e4 g6 2.d4 Bg7 3.Nc3 d6 4.f4 c5 5.d5 Qa5 6.Bd2 Qb4 7.Bd3 c4 8.Be2 Bd7 9.Qc1 f5
10.Nf3 Nh6 11.e5 e6 12.dxe6 Bxe6 13.Ne4 Qb6 14.Nxd6+ Ke7 15.Be3 Qc7 16.Ng5 Bd5
17.O-O Ng4 18.Bxg4 fxg4 19.Qd2 Bg8 20.f5 Bxe5 21.f6+ Bxf6 22.Rxf6 Kxf6 23.Ne8+  1-0

[Event "Independence Cup A"]
[Site "Kyiv UKR"]
[Date "2006.08.15"]
[Round "3"]
[White "Palkovich,D"]
[Black "Zakharchenko,A"]
[Result "1-0"]
[WhiteElo "2212"]
[BlackElo "2275"]

1.e4 g6 2.d4 Bg7 3.Nc3 d6 4.f4 c6 5.Nf3 Bg4 6.Be2 d5 7.e5 e6 8.O-O Ne7 9.Be3 Nf5
10.Bf2 h5 11.Bd3 Nd7 12.h3 Bxf3 13.Qxf3 h4 14.b4 Bf8 15.Rfb1 Be7 16.Rb3 a5
17.bxa5 Qxa5 18.Bxf5 gxf5 19.Rxb7 Nb6 20.Rb1 Bd8 21.Qd3 Nc4 22.R1b4 Qa6 23.Na4 O-O
24.Nc5 Qxa2 25.Nd7 Be7 26.Nf6+ Bxf6 27.exf6 Na3 28.Bxh4  1-0

[Event "Open"]
[Site "Predeal ROM"]
[Date "2006.08.15"]
[Round "5"]
[White "Slovineanu,V"]
[Black "Sfarlog,T"]
[Result "1-0"]
[WhiteElo "2423"]
[BlackElo "2120"]

1.e4 g6 2.d4 Bg7 3.Nc3 d6 4.g3 Nf6 5.Bg2 O-O 6.Nge2 Nbd7 7.h3 c5 8.Be3 Rb8
9.a4 b6 10.O-O a6 11.g4 cxd4 12.Bxd4 Bb7 13.Ng3 Qc7 14.Re1 Ne5 15.g5 Nfd7
16.Nd5 Bxd5 17.exd5 Rfe8 18.b3 f5 19.Ne2 Rbc8 20.f4 Nf7 21.c4 Nf8 22.Bxg7 Kxg7
23.Nd4 Nd8 24.Qd2 e5 25.dxe6 Ndxe6 26.Nxe6+ Nxe6 27.Qb2+  1-0

[Event "Acropolis Open"]
[Site "Athens GRE"]
[Date "2006.08.16"]
[Round "4"]
[White "Sigalas,F"]
[Black "Kotrotsos,V"]
[Result "1-0"]
[WhiteElo "2199"]
[BlackElo "2294"]

1.e4 g6 2.d4 Bg7 3.Nc3 d6 4.f4 e6 5.Nf3 Ne7 6.Bd3 a6 7.Be3 Nd7 8.Qd2 Nf6
9.O-O-O b5 10.e5 Nfd5 11.Ne4 Bb7 12.Kb1 O-O 13.h4 Nxe3 14.Qxe3 Nf5 15.Qf2 h5
16.Nfg5 Nh6 17.Be2 Qe7 18.Bf3 Bd5 19.Rhg1 f6 20.exf6 Bxf6 21.Nxf6+ Qxf6 22.g3 Rae8
23.Rge1 Nf5 24.Rd2 Bxf3 25.Nxf3 Re7 26.Rde2 Rfe8 27.Re4 d5 28.Re5 Nd6 29.Ng5 Nc4
30.R5e2 b4 31.Nf3 Nd6 32.Ne5 Ne4 33.Qe3 c5 34.dxc5 a5 35.a3 Ra8 36.c6 Rea7
37.a4 Kh7 38.Kc1 Rc7 39.Rg1 Ra6 40.g4 hxg4 41.Rxg4 Raxc6 42.Nxc6 Rxc6 43.Reg2 Qf5
44.Qa7+ Kh6 45.Qa8  1-0

[Event "Independence Cup A"]
[Site "Kyiv UKR"]
[Date "2006.08.17"]
[Round "5"]
[White "Chernozem,S"]
[Black "Moliboga,V"]
[Result "1-0"]
[WhiteElo "2080"]
[BlackElo "2284"]

1.e4 g6 2.d4 Bg7 3.Nc3 d6 4.Be3 Nf6 5.f3 a6 6.Qd2 h6 7.O-O-O b5 8.h4 Bb7
9.Nh3 Nbd7 10.Nf2 c5 11.dxc5 dxc5 12.Nd3 Qc8 13.Nf4 Qc6 14.Ncd5 e6 15.Nxf6+ Bxf6
16.Qf2 O-O-O 17.Be2 c4 18.g3 b4 19.Kb1 Kb8 20.Ng2 Ka8 21.Bd4 e5 22.Be3 Rc8
23.Rc1 Bg7 24.b3 f5 25.exf5 gxf5 26.Rhd1 c3 27.Ne1 Nf6 28.Bc4 Rhe8 29.a4 bxa3
30.Ka2 e4 31.Bf4 exf3 32.Rd3 Rxe1 33.Qxe1 Ng4 34.Rd6 Qe4 35.Qf1 Rc6 36.Bd5 Rxd6
37.Bxe4 fxe4 38.Bxd6 e3 39.Qc4 Be5 40.Qg8+  1-0

[Event "Petrovskaja Ladja A1"]
[Site "Peterhof RUS"]
[Date "2006.08.17"]
[Round "6"]
[White "Valov,I"]
[Black "Utkin,Alek"]
[Result "1-0"]
[WhiteElo "2270"]
[BlackElo "2395"]

1.e4 g6 2.d4 Bg7 3.Nc3 d6 4.Nf3 c6 5.h3 Nf6 6.Bg5 O-O 7.Qd2 Qa5 8.Bd3 e5
9.d5 cxd5 10.Bxf6 Bxf6 11.Nxd5 Qxd2+ 12.Nxd2 Bd8 13.Nc4 Be6 14.Nxd6 Nc6 15.Nxb7 Bxd5
16.exd5 Nb4 17.Be4 Bb6 18.a3 Na6 19.d6 f5 20.Bd3 Nc5 21.Nxc5 Bxc5 22.Rd1 Rad8
23.Bc4+ Kg7 24.d7 Rf6 25.Ke2 Rb6 26.Rd5 Bd4 27.b3 Rb7 28.Rd1 Bb2 29.a4 Rc7
30.f3 Ba3 31.R1d3 Bc1 32.Rxe5 Rdxd7 33.Rxd7+ Rxd7 34.Rd5 Rc7 35.Kd3 Kf6 36.g3 Re7
37.Rd6+ Ke5 38.Rd5+ Kf6 39.Rd6+ Ke5 40.Rd8 f4 41.g4 Kf6 42.Rf8+ Kg5 43.Bd5 Kh4
44.Rf7 Rxf7 45.Bxf7 Kxh3 46.b4 Kg3 47.Ke4 Bd2 48.b5 Bc3 49.g5 Kh4 50.Bg8 Kxg5
51.Bxh7 Kf6 52.Kxf4 g5+ 53.Ke4 Ke6 54.Kd3 Ba5 55.Kc4 Kd6 56.Be4 Kc7 57.Kd5 Bc3
58.Kc5 Ba5 59.c4 Be1 60.Kd5 Bd2 61.c5 Bb4 62.Kc4 Be1 63.Kd4 Bb4 64.Kd5 Bd2
65.Ke6 Be3 66.Kf5 Bxc5 67.Kxg5 Kd6 68.Kf6 Be3 69.Kf7 Bd2 70.Ke8 Bg5 71.Bd3 Kc7
72.Be2 Kd6 73.Bc4 Kc7 74.Bf1 Kd6 75.Kf7 Bd2 76.Kf6 Bc3+ 77.Kf5 Kc5 78.Be2 Kd6
79.f4 Bd2 80.Ke4 Bc3 81.Bc4 Kc5 82.Bb3 Kd6 83.f5 Bf6 84.Kf3 Bd8 85.Kf4 Bf6
86.Bd1 Bd8 87.Bf3 Bf6 88.Kg4 Ke5 89.a5 Kd6 90.b6 a6 91.Be2 Bc3 92.Bxa6 Bxa5
93.b7 Bc7 94.f6 Ke6 95.Kg5 Kf7 96.Kf5 Bb8 97.Bc4+ Ke8 98.Ke6 Bf4 99.f7+ Kf8
100.Kd7 Bg3 101.Kc8 Ke7 102.b8=Q Bxb8 103.Kxb8 Kf8 104.Kc7  1-0

[Event "Acropolis Open"]
[Site "Athens GRE"]
[Date "2006.08.18"]
[Round "6"]
[White "Alexakis,D"]
[Black "Khetsuriani,B"]
[Result "1-0"]
[WhiteElo "2201"]
[BlackElo "2393"]

1.e4 d6 2.d4 g6 3.Nc3 Bg7 4.Be3 a6 5.Qd2 b5 6.a3 Bb7 7.Nge2 Nd7 8.f3 h5 9.Nc1 Ngf6
10.Nb3 c6 11.Be2 Qc7 12.O-O O-O 13.Rae1 e5 14.dxe5 Nxe5 15.h3 Rfe8 16.Bh6 Bxh6
17.Qxh6 Qb6+ 18.Kh1 Nc4 19.Bd3 Nh7 20.f4 Qd8 21.Bxc4 bxc4 22.Nd2 a5 23.Nf3 Qf6
24.e5 dxe5 25.fxe5 Qg7 26.Qxg7+ Kxg7 27.Ne4 Re7 28.Nc5 Bc8 29.Rd1 Bf5 30.c3 Rb8
31.Nd4 Rxb2 32.Rxf5 gxf5 33.Nxf5+ Kf8 34.Rd8+ Re8 35.Nd7+  1-0